• 首页
  • 本馆介绍
  • 公告通知
  • 最新文献
  • 馆藏检索
  • 电子资源
  • 读者导购
  • 参考咨询
  • 我的图书馆
  • 登录
  • 详细信息显示
  • 放入我的书架
  • 预约/预借图书
  • 作者相关作品
  • 分类相关作品
  • 丛书相关作品
  • 出版社相关作品

书目信息

  • 表格格式
  • 工作单格式
  • 卡片格式
题名:
刑事司法前沿问题
    
 
作者: 狄小华 , 李志刚 编著
分册:  
出版信息: 北京   群众出版社  2005
页数: 348页
开本: 21cm
丛书名: 刑事一体化丛书
单 册:
中图分类: D914.04
科图分类:
主题词: 刑事诉讼法--研究 , 刑法 , 刑法--研究 , 刑事诉讼法
电子资源:
ISBN: 7-5014-3507-3
000 00961oam2 2200289 450
001 010040030307
005 20061030085425.15
010    @a7-5014-3507-3@dCNY22.50
100    @a20060213d2005 em y0chiy0110 ea
101 0  @achi
102    @aCN@b110000
105    @aa z 000yy
200 1  @a刑事司法前沿问题@9xing shi si fa qian yan wen ti@e恢复性司法研究@f狄小华,李志刚编著
210    @a北京@c群众出版社@d2005
215    @a348页@c图@d21cm
225 2  @a刑事一体化丛书
330    @a本书内容包括:恢复性理论初探;恢复性司法;全球视野下的恢复性司法;新西兰恢复性司法实践;复和公义在香港的应用和实践;恢复性司法比较研究等。
461  0 @12001 @a刑事一体化丛书@1701 0@a狄小华@4主编
606 0  @a刑事诉讼法@x研究
606 0  @a刑法
606 0  @a刑法@x研究
606 0  @a刑事诉讼法
690    @aD914.04@v4
701  0 @a狄小华@9di xiao hua@4编著
701  0 @a李志刚@9li zhi gang@4编著
801  0 @aCN@bRENTIAN@c20061030
905    @a10447@dD914.04@e269
    
    刑事司法前沿问题:恢复性司法研究/狄小华,李志刚编著.-北京:群众出版社,2005
    348页:图;21cm.-(刑事一体化丛书)
    
    
    ISBN 7-5014-3507-3:CNY22.50
    本书内容包括:恢复性理论初探;恢复性司法;全球视野下的恢复性司法;新西兰恢复性司法实践;复和公义在香港的应用和实践;恢复性司法比较研究等。
●
相关链接 在E读中查询图书 在五车中查询图书 在当当中查询图书 在豆瓣中查询图书


正题名:刑事司法前沿问题     索取号:D914.04/269         预约/预借

序号 登录号 条形码 馆藏地/架位号 状态 备注
1 0388890   203888908   第一样本阅览室/ [索取号:D914.04/269] 在馆    
2 0388891   203888917   第一借阅区/ [索取号:D914.04/269] 在馆    
3 0388892   203888926   第一借阅区/ [索取号:D914.04/269] 已借出,限还日期为2007.06.18
借出人:张建娜  
 
4 0388893   203888935   第一借阅区/ [索取号:D914.04/269] 在馆    
5 0388894   203888944   第一借阅区/ [索取号:D914.04/269] 在馆    
唐山师范学院图书馆 欢迎您!
大连网信软件有限公司© 版权所有